Impact of urban land use on rainwater quality case study in Ilorin metropolis, Nigeria /
This study assessed the physicochemical properties of rainwater in the urban land uses and observed the associated relationship between urban land uses and the physicochemical properties of rainwater. A total of 10 rainwater samples was collected and analysed for 15 physicochemical parameters namely...
Elmentve itt :
| Szerzők: | |
|---|---|
| Dokumentumtípus: | Cikk |
| Megjelent: |
University of Szeged, Department of Geoinformatics, Physical and Environmental Geography
Szeged
2022
|
| Sorozat: | Journal of environmental geography
15 No. 1-4 |
| Kulcsszavak: | Földhasználat - Nigéria, Esővíz - minőség - Nigéria |
| Tárgyszavak: | |
| doi: | 10.14232/jengeo-2022-44124 |
| Online Access: | http://acta.bibl.u-szeged.hu/77902 |
| LEADER | 02423nab a2200241 i 4500 | ||
|---|---|---|---|
| 001 | acta77902 | ||
| 005 | 20221215121830.0 | ||
| 008 | 221215s2022 hu o 0|| eng d | ||
| 022 | |a 2060-467X | ||
| 024 | 7 | |a 10.14232/jengeo-2022-44124 |2 doi | |
| 040 | |a SZTE Egyetemi Kiadványok Repozitórium |b hun | ||
| 041 | |a eng | ||
| 100 | 1 | |a Agaja Toluwalope Mubo | |
| 245 | 1 | 0 | |a Impact of urban land use on rainwater quality |h [elektronikus dokumentum] : |b case study in Ilorin metropolis, Nigeria / |c Agaja Toluwalope Mubo |
| 260 | |a University of Szeged, Department of Geoinformatics, Physical and Environmental Geography |b Szeged |c 2022 | ||
| 300 | |a 31-37 | ||
| 490 | 0 | |a Journal of environmental geography |v 15 No. 1-4 | |
| 520 | 3 | |a This study assessed the physicochemical properties of rainwater in the urban land uses and observed the associated relationship between urban land uses and the physicochemical properties of rainwater. A total of 10 rainwater samples was collected and analysed for 15 physicochemical parameters namely: colour, conductivity, pH, total dissolved solids, turbidity, aluminium (Al3+), copper (Cu2+), iron (Fe2+), nitrate (NO3-), lead (Pb2+), nickel (Ni), sodium (Na+), phosphorus (K+), zinc (Zn2+) and sulphate (SO42-). Mean, standard deviation, coefficient of variation, Pearson correlation coefficient were used in the summary, analysis and interpretation of the results. The result reveal that the urban land uses and rainwater quality has a significant relationship in Ilorin Metropolis. Agricultural, industrial and institutional land uses have the least significant effect on the quality of rainwater with the significant value of 0.044, 0.035 and 0.014 (P<0.05) respectively. Residential land use has poor rainwater quality with significant value of 0.724 while commercial land use has fairly good quality with 0.585 (P >0.05). The study concludes that the urban land uses has an impact on the rainwater quality. The study recommends that rainwater be purified before drinking and sustainable urbanization policies be developed to prevent atmospheric pollution in Ilorin Metropolis. | |
| 650 | 4 | |a Természettudományok | |
| 650 | 4 | |a Föld- és kapcsolódó környezettudományok | |
| 695 | |a Földhasználat - Nigéria, Esővíz - minőség - Nigéria | ||
| 700 | 0 | 1 | |a Towobola David Olaoluwa |e aut |
| 856 | 4 | 0 | |u http://acta.bibl.u-szeged.hu/77902/1/journal_geo_015_001-004_013-037.pdf |z Dokumentum-elérés |